Before Revelation (Record no. 12200)

MARC details
000 -LEADER
fixed length control field 00722nam a2200253 a 4500
020 ## - INTERNATIONAL STANDARD BOOK NUMBER
ISBN
082 00 - DEWEY DECIMAL CLASSIFICATION NUMBER
Classification number 297.5
Author Cutter REI
100 ## - MAIN ENTRY--AUTHOR NAME
Author name Reinhart, A Kevin
245 ## - TITLE STATEMENT
Title Before Revelation
Sub title the Boundaries of Uslim Moral Thought
260 ## - PUBLICATION, DISTRIBUTION, ETC. (IMPRINT)
Place of publication New York
Name of publisher State University of New York
Year of publication 1995
300 ## - PHYSICAL DESCRIPTION
Number of Pages 255p
500 ## - GENERAL NOTE
General note includes index and biblioraphy
505 2# - FORMATTED CONTENTS NOTE
Formatted contents note Selrcted Bibliography, Abbreviation, Commentary
650 ## - SUBJECT ADDED ENTRY--TOPICAL TERM
Topical Term Islam-Moral Theology
650 ## - SUBJECT ADDED ENTRY--TOPICAL TERM
Topical Term Islamic-Law Interpretarion and Cons
942 ## - ADDED ENTRY ELEMENTS (KOHA)
Koha item type Books
700 1# -
-- Reinhart, A Kevin
Holdings
Collection code Home library Current library Date acquired Cost, normal purchase price Full call number Accession Number Koha item type
  Henry Martyn Institute Library Henry Martyn Institute Library 03/16/2009 852.50 297.5 REI 018354 Books
                   Copyright © 2026 | Henry Martyn Institute | Hyderabad | TS-500052 | INDIA | Implemented by hmi.edu.in
Hit-Count:

Powered by Koha